LEADER 00992nam a2200229 a 4500 001 000000040713 003 CaOOAMICUS 005 20130620102044.0 008 980529s1914 it u000 u ita r 035 $a10796996 040 $aPUL(R)$bita 111 2 $aCongresso giuridico nazionale$n(7 :$d1911 :$cRoma).$0(OLS)http://pul/name/30017 245 10$aAtti del Congresso :$bVII Congresso giuridico nazionale, Roma, ottobre 1911. 260 $aRoma :$bGianandrea,$c1914. 300 $a232 p. ;$c24 cm 650 4$aDiritto$xCongressi.$0(OLS)http://pul/subject/18122 850 $aPUL 852 $aPUL$W1$xDP2 Diritto e Scienze Sociali 1$y65$m174 A 26$j55300$nBK-PRI$qStampati$B55300$CPULBib$Z2$F55300 $82 941 1 $a8 961 $aPrecedente collocazione: III 4 C 19.Ex libris: Salvator Riccobono. 996 $6245$aAtti del Congresso :$bVII Congresso giuridico nazionale, Roma, ottobre 1911$9(OLS)http://pul/title/54892 996 $6260$aRoma :$bGianandrea$9(OLS)http://pul/publisher/64410 LEADER 01297nam a2200313 a 4500 001 000000132550 003 CaOOAMICUS 005 20130205101517.0 008 130205s2012 it u000 u ita r 020 $a978-88-348-3628-6 040 $aPUL$bita 082 04$a322.1 100 1 $aCanonico, Marco,$d1963-$0(OLS)http://pul/name/28577 245 12$aI sistemi di relazione tra stato e chiese /$cMarco Canonico. 260 $aTorino :$bGiappichelli,$cİ2012. 300 $aVI, 153 p. ;$c24 cm 504 $aBibliografia in nota. 650 4$aChiesa e stato.$0(OLS)http://pul/subject/960 850 $aPUL 852 $aPUL$W1$xSL Diritto e Scienze Sociali 3$y79$m322. 1 CANMA 1$j152525$qDDC 21$B151884$CPULBib$Z2$F151884 $H121466 $82 852 $aPUL$W1$xDP1 Fondo G. Barberini$y122$m3 G 86$j167098$b2 copia$qFondi$B179751$CPULBib$Z2$F179751 $HBar979 $82 941 1 $a9 941 1 $a1 960 $aStato e Chiesa$9960 996 $6020$a978-88-348-3628-6$9(OLS)http://pul/number/151709 996 $6082$a322.1$9(OLS)http://pul/classification/1681 996 $6245$aI sistemi di relazione tra stato e chiese$9(OLS)http://pul/title/167476 996 $6260$aTorino :$bGiappichelli$9(OLS)http://pul/publisher/48244